[Event "Istanbul Galatasaray blitz"]
[Site "Istanbul"]
[Date "2019.03.24"]
[Round "2"]
[White "Gulbas, Cemil"]
[Black "Tuncer, Tuna"]
[Result "1/2-1/2"]
[WhiteElo "2404"]
[BlackElo "2371"]
[PlyCount "71"]
[EventDate "2019.03.24"]
[EventType "tourn (blitz)"]
[EventRounds "18"]
[EventCountry "TUR"]
[EventCategory "7"]
[SourceTitle "CBM 189 Extra"]
[Source "ChessBase"]
[SourceDate "2019.06.03"]
[SourceVersion "1"]
[SourceVersionDate "2019.06.03"]
[SourceQuality "1"]

1. e4 c5 2. Nf3 e6 3. d4 cxd4 4. Nxd4 Nc6 5. Nc3 Qc7 6. g3 a6 7. Bg2 d6 8. 0-0 Bd7 9. Re1 Be7 10. Nce2 Nf6 11. b3 b5 12. Bb2 0-0 13. Rc1 Rfc8 14. h3 Qb8 15. g4 Ne5 16. f4 Ng6 17. Qd2 Qb6 18. Kh2 e5 19. Nf5 Bf8 20. Rf1 Rab8 21. a3 Bxf5 22. exf5 Nxf4 23. Nxf4 exf4 24. Qxf4 d5 25. Kh1 Bd6 26. Qg5 d4 27. Qd2 Be5 28. Rce1 Qd6 29. Re2 Nxg4 30. hxg4 Rxc2 31. Qxc2 Qh6+ 32. Kg1 Qh2+ 33. Kf2 Qg3+ 34. Kg1 Qh2+ 35. Kf2 Qg3+ 36. Kg1 1/2-1/2

[Event "Istanbul Galatasaray blitz"]
[Site "Istanbul"]
[Date "2019.03.24"]
[Round "6"]
[White "Tuncer, Tuna"]
[Black "Arat, Ufuk Sezen"]
[Result "1-0"]
[WhiteElo "2371"]
[BlackElo "2368"]
[PlyCount "71"]
[EventDate "2019.03.24"]
[EventType "tourn (blitz)"]
[EventRounds "18"]
[EventCountry "TUR"]
[EventCategory "7"]
[SourceTitle "CBM 189 Extra"]
[Source "ChessBase"]
[SourceDate "2019.06.03"]
[SourceVersion "1"]
[SourceVersionDate "2019.06.03"]
[SourceQuality "1"]

1. e4 c6 2. Nf3 d5 3. Nc3 Nf6 4. e5 Ne4 5. Ne2 Qb6 6. d4 e6 7. Ng3 c5 8. Bd3 Nxg3 9. fxg3 cxd4 10. 0-0 h6 11. Qe2 Nc6 12. a3 Be7 13. b4 Bd7 14. Bd2 g5 15. Rfb1 g4 16. Nh4 h5 17. Qe1 Qc7 18. Bf4 Bxh4 19. gxh4 f6 20. b5 Nxe5 21. Bg6+ Kf8 22. Qg3 d3 23. Rf1 Kg7 24. Bxd3 Qb6+ 25. Be3 d4 26. Bg5 Nxd3 27. Bxf6+ Kg8 28. Qxd3 Rh6 29. Bxd4 Qxb5 30. Qe3 Rh7 31. c4 Qa5 32. Bc3 Qd8 33. Bf6 Qa5 34. c5 Rf8 35. Qg5+ Kf7 36. Be7+ 1-0

[Event "Istanbul Galatasaray blitz"]
[Site "Istanbul"]
[Date "2019.03.24"]
[Round "3"]
[White "Tuncer, Tuna"]
[Black "Gokerkan, Cem Kaan"]
[Result "1/2-1/2"]
[WhiteElo "2371"]
[BlackElo "2419"]
[PlyCount "53"]
[EventDate "2019.03.24"]
[EventType "tourn (blitz)"]
[EventRounds "18"]
[EventCountry "TUR"]
[EventCategory "7"]
[SourceTitle "CBM 189 Extra"]
[Source "ChessBase"]
[SourceDate "2019.06.03"]
[SourceVersion "1"]
[SourceVersionDate "2019.06.03"]
[SourceQuality "1"]

1. e4 c5 2. Nf3 d6 3. d4 cxd4 4. Nxd4 Nf6 5. Nc3 a6 6. Be2 g6 7. Be3 Bg7 8. 0-0 0-0 9. f4 Nc6 10. Qd2 Bd7 11. Bf3 Rc8 12. Nxc6 Bxc6 13. Nd5 Nxd5 14. exd5 Bb5 15. Rfb1 Qc7 16. c3 Qc4 17. Re1 Rfe8 18. a4 Bd7 19. Be2 Qe4 20. Bf3 Qc4 21. a5 Bf5 22. Be2 Qe4 23. Bf3 Qc4 24. Be2 Qe4 25. Rad1 Qa4 26. Ra1 Qe4 27. Bf3 1/2-1/2

[Event "Istanbul Galatasaray blitz"]
[Site "Istanbul"]
[Date "2019.03.24"]
[Round "1"]
[White "Tuncer, Tuna"]
[Black "Ozturk Orenli, Kubra"]
[Result "1-0"]
[WhiteElo "2371"]
[BlackElo "2344"]
[PlyCount "87"]
[EventDate "2019.03.24"]
[EventType "tourn (blitz)"]
[EventRounds "18"]
[EventCountry "TUR"]
[EventCategory "7"]
[SourceTitle "CBM 189 Extra"]
[Source "ChessBase"]
[SourceDate "2019.06.03"]
[SourceVersion "1"]
[SourceVersionDate "2019.06.03"]
[SourceQuality "1"]

1. e4 e5 2. Nf3 Nc6 3. d4 exd4 4. Nxd4 Bc5 5. Nb3 Bb6 6. Nc3 Nf6 7. Qe2 d6 8. Bg5 h6 9. Bh4 0-0 10. 0-0-0 a5 11. Bxf6 Qxf6 12. Nd5 Qg5+ 13. f4 Qg6 14. f5 Qg5+ 15. Kb1 a4 16. Nd2 a3 17. Nf3 Qd8 18. b3 Re8 19. g4 Ne5 20. Nxe5 Rxe5 21. Bg2 Bc5 22. f6 c6 23. Ne7+ Rxe7 24. fxe7 Qxe7 25. e5 dxe5 26. Be4 Bd4 27. h3 Be6 28. c4 Qb4 29. Qd2 Qb6 30. Qc2 Qb4 31. Rhf1 Ra5 32. Bh7+ Kf8 33. Bf5 Bxf5 34. Qxf5 f6 35. Qd3 b5 36. cxb5 Rxb5 37. Rc1 c5 38. h4 Bb2 39. Rc4 Qa5 40. g5 hxg5 41. hxg5 Rb6 42. Qd8+ Kf7 43. gxf6 gxf6 44. Rxf6+ 1-0

[Event "Istanbul Galatasaray blitz"]
[Site "Istanbul"]
[Date "2019.03.24"]
[Round "13"]
[White "Yurtseven, Melih"]
[Black "Tuncer, Tuna"]
[Result "0-1"]
[WhiteElo "2390"]
[BlackElo "2371"]
[PlyCount "58"]
[EventDate "2019.03.24"]
[EventType "tourn (blitz)"]
[EventRounds "18"]
[EventCountry "TUR"]
[EventCategory "7"]
[SourceTitle "CBM 189 Extra"]
[Source "ChessBase"]
[SourceDate "2019.06.03"]
[SourceVersion "1"]
[SourceVersionDate "2019.06.03"]
[SourceQuality "1"]

1. Nf3 c5 2. c4 g6 3. g3 Bg7 4. Bg2 Nc6 5. Nc3 e6 6. h4 h6 7. d4 cxd4 8. Nb5 d5 9. Nfxd4 Nxd4 10. Nxd4 dxc4 11. Qa4+ Bd7 12. Qxc4 Rc8 13. Qd3 Qb6 14. Be3 Qxb2 15. 0-0 e5 16. Nb3 Nf6 17. Bc5 e4 18. Qd6 Bf8 19. Qxf6 Qxf6 20. Bd4 Qe7 21. Bxh8 f6 22. Rfd1 Bc6 23. Nd4 Kf7 24. Nxc6 bxc6 25. Rab1 Kg8 26. Rd4 Kxh8 27. Rxe4 Qf7 28. Ra4 Bc5 29. Ra6 Bb6 0-1

[Event "Wch U20 57th"]
[Site "Manavgat"]
[Date "2018.09.13"]
[Round "9"]
[White "Can, Melih Kaan"]
[Black "Tuncer, Tuna"]
[Result "0-1"]
[WhiteElo "2195"]
[BlackElo "2342"]
[PlyCount "124"]
[EventDate "2018.09.05"]
[EventType "swiss"]
[EventRounds "11"]
[EventCountry "TUR"]
[SourceTitle "CBM 186 Extra"]
[Source "ChessBase"]
[SourceDate "2018.08.24"]
[SourceVersion "1"]
[SourceVersionDate "2018.08.24"]
[SourceQuality "1"]

1. d4 Nf6 2. Bf4 d5 3. e3 c5 4. c3 Nc6 5. Nd2 e6 6. Ngf3 cxd4 7. exd4 Nh5 8. Be5 f6 9. Bg3 g6 10. Bd3 Bg7 11. Nh4 f5 12. Nhf3 0-0 13. Qc2 Nxg3 14. hxg3 Bd7 15. Nb3 b6 16. 0-0 Qc7 17. Rfe1 Rae8 18. Qd2 f4 19. gxf4 Rxf4 20. Nc1 Ref8 21. Bf1 Bh6 22. Qd1 Rxf3 23. gxf3 Rf5 24. Ne2 Rxf3 25. Bg2 Rf6 26. Qd3 Ne7 27. Qg3 Qd8 28. a4 Nf5 29. Qe5 Bf8 30. Qf4 Bd6 31. Qg5 h6 32. Qg4 h5 33. Qh3 Rf7 34. Nc1 Nh4 35. Nd3 Qf6 36. f4 g5 37. Ne5 g4 38. Qd3 Bxe5 39. Rxe5 Nf5 40. c4 dxc4 41. Qxc4 Ng7 42. Qd3 Nf5 43. Qc4 Ng7 44. Rf1 Kh8 45. Rg5 Rf8 46. Qb4 Bc8 47. Qd6 Ba6 48. Rf2 g3 49. Rf3 h4 50. Qe5 Nf5 51. Rh5+ Kg7 52. Rg5+ Kh6 53. Rc3 Qxe5 54. dxe5 Rd8 55. Bf3 Rd7 56. Bg4 Bb7 57. Rc1 Rd2 58. Bxf5 exf5 59. Rxf5 h3 60. Rf6+ Kh5 61. Rf5+ Kh4 62. Kf1 h2 0-1

[Event "Wch U20 57th"]
[Site "Manavgat"]
[Date "2018.09.12"]
[Round "8"]
[White "Tuncer, Tuna"]
[Black "Thilakarathne, GM Harshana"]
[Result "1/2-1/2"]
[WhiteElo "2342"]
[BlackElo "2238"]
[PlyCount "56"]
[EventDate "2018.09.05"]
[EventType "swiss"]
[EventRounds "11"]
[EventCountry "TUR"]
[SourceTitle "CBM 186 Extra"]
[Source "ChessBase"]
[SourceDate "2018.08.24"]
[SourceVersion "1"]
[SourceVersionDate "2018.08.24"]
[SourceQuality "1"]

1. e4 c5 2. Nf3 e6 3. d4 cxd4 4. Nxd4 Nc6 5. Nc3 Qc7 6. g3 a6 7. Bg2 Nf6 8. 0-0 Bc5 9. Nxc6 dxc6 10. e5 Qxe5 11. Bf4 Qh5 12. Bf3 Qg6 13. Bd6 Bxd6 14. Qxd6 Bd7 15. Rad1 Rd8 16. Na4 Qf5 17. Bg2 Qa5 18. b3 Bc8 19. Qa3 Qc7 20. Qc5 Qe7 21. Rxd8+ Qxd8 22. Nb6 Nd7 23. Nxd7 Qxd7 24. c4 Qe7 25. Qa5 Qd8 26. Qc5 Qe7 27. Qa5 Qd8 28. Qc5 Qe7 1/2-1/2

[Event "TUR-chT"]
[Site "Ankara"]
[Date "2018.08.04"]
[Round "12.2"]
[White "Ozen, Bahadir"]
[Black "Tuncer, Tuna"]
[Result "1/2-1/2"]
[WhiteElo "2317"]
[BlackElo "2328"]
[PlyCount "60"]
[EventDate "2018.07.25"]
[EventType "team-tourn"]
[EventRounds "13"]
[EventCountry "TUR"]
[SourceTitle "CBM 185 Extra"]
[Source "ChessBase"]
[SourceDate "2018.07.29"]
[SourceVersion "1"]
[SourceVersionDate "2018.07.29"]
[SourceQuality "1"]
[WhiteTeam "Turk Hava Yollari"]
[BlackTeam "Besiktas Jimnastik"]
[WhiteTeamCountry "TUR"]
[BlackTeamCountry "TUR"]

1. d4 d5 2. c4 c6 3. cxd5 cxd5 4. Nc3 Nf6 5. Nf3 Nc6 6. Bf4 e6 7. e3 Bd6 8. Bxd6 Qxd6 9. Bd3 0-0 10. 0-0 Bd7 11. Rc1 Rac8 12. Qe2 Rfd8 13. Rfd1 Be8 14. a3 a6 15. b4 Ne7 16. Qb2 Rc7 17. Rc2 Rdc8 18. Rdc1 Nd7 19. Na4 g6 20. h3 Rxc2 21. Rxc2 Rxc2 22. Qxc2 f6 23. Nd2 Kf7 24. Nb3 b6 25. Nb2 Nb8 26. Qe2 Qc7 27. Qc2 Qd6 28. Qe2 Qc7 29. Qc2 Qd6 30. Qe2 Qc7 1/2-1/2